Geography of Colombia Quiz - Statistics

General Stats
  • This quiz has been taken 1,224 times
    1,222 since last reset
  • The average score is 8 of 10
Answer Stats
Hint Answer % Correct
Ocean to the west Pacific Ocean
98%
Which city has the coolest climate: Medellin, Cali, Barranquilla, Bogota Bogota
93%
Colombia's largest land border is with this country Venezuela
93%
Rainforest in the southeast of the country Amazon Rainforest
92%
Mountain range that runs through Colombia Andes Mountains
92%
This imaginary line passes through Colombia as well as 12 other countries Equator
91%
Sea to the north of Colombia Caribbean Sea
87%
Cartagena has this type of climate Tropical
64%
Colombia has 3208 km of this Coastline
53%
Wild area between Colombia and Panama that is difficult to cross Darién Gap
36%
No matching quizzes found
Score Distribution
Percent of People with Each Score
Percentile by Number Answered
Your Score History
You have not taken this quiz since the last reset